Born in Allentown/Pennsylvania - Statistics

General Stats
  • This quiz has been taken 24 times
    18 since last reset
  • The average score is 3 of 7
Answer Stats
Hint Answer % Correct
Actress, "Mean Girls" "Mamma Mia!" "Mank" "Jennifer's Body" 1985 Amanda Seyfried
70%
Hall of Fame wide receiver who played primarily for the Buffalo Bills 1964 Andre Reed
50%
Swedish-American emo rapper, he died at the age of 21 of an accidental overdose 1996 Lil Peep
50%
Actor, "Valerian and the City of a Thousand Planets" "The Amazing Spider-Man 2" "A Cure for Wellness" 1986 Dane DeHaan
40%
Actor, "Ant-Man" "The Suicide Squad" "Dune" 1975 David Dastmalchian
30%
Actor, "Pete's Dragon" "The Fabelmans" "The Goldfinch" 2004 Oakes Fegley
20%
Actress known for her role as Angela Montenegro in "Bones" 1978 Michaela Conlin
10%
No matching quizzes found
Score Distribution
Percent of People with Each Score
Percentile by Number Answered
Your Score History
You have not taken this quiz since the last reset